<?xml version="1.0" encoding="UTF-8"?>
<marc:record xmlns:marc="http://www.loc.gov/MARC21/slim">
   <marc:leader>00000nam a2200000 a 4500</marc:leader>
   <marc:datafield ind1="1" ind2=" " tag="100">
      <marc:subfield code="a">Koch, Amanda</marc:subfield>
      <marc:subfield code="4">aut</marc:subfield>
      <marc:subfield code="e">Verfasser/-in</marc:subfield>
   </marc:datafield>
   <marc:datafield ind1=" " ind2=" " tag="653">
      <marc:subfield code="a">Avalon</marc:subfield>
   </marc:datafield>
   <marc:datafield ind1=" " ind2=" " tag="653">
      <marc:subfield code="a">Magie</marc:subfield>
   </marc:datafield>
   <marc:datafield ind1=" " ind2=" " tag="653">
      <marc:subfield code="a">magische Ringe</marc:subfield>
   </marc:datafield>
   <marc:datafield ind1=" " ind2=" " tag="653">
      <marc:subfield code="a">Steinkreis</marc:subfield>
   </marc:datafield>
   <marc:datafield ind1=" " ind2=" " tag="653">
      <marc:subfield code="a">Fantasy</marc:subfield>
   </marc:datafield>
   <marc:datafield ind1=" " ind2=" " tag="653">
      <marc:subfield code="a">Zauber</marc:subfield>
   </marc:datafield>
   <marc:datafield ind1=" " ind2=" " tag="653">
      <marc:subfield code="a">Suadus</marc:subfield>
   </marc:datafield>
   <marc:datafield ind1=" " ind2=" " tag="653">
      <marc:subfield code="a">Hohepriesterin</marc:subfield>
   </marc:datafield>
   <marc:datafield ind1=" " ind2=" " tag="653">
      <marc:subfield code="a">Softcover / Belletristik/Fantasy</marc:subfield>
   </marc:datafield>
   <marc:datafield ind1="0" ind2="0" tag="245">
      <marc:subfield code="a">Die Wächter von Avalon</marc:subfield>
   </marc:datafield>
   <marc:datafield ind1="0" ind2="0" tag="245">
      <marc:subfield code="c">Amanda Koch</marc:subfield>
   </marc:datafield>
   <marc:datafield ind1=" " ind2="1" tag="264">
      <marc:subfield code="a">Leipzig</marc:subfield>
      <marc:subfield code="b">Fehu</marc:subfield>
      <marc:subfield code="c">2014</marc:subfield>
   </marc:datafield>
   <marc:datafield ind1=" " ind2=" " tag="250">
      <marc:subfield code="a">1. Aufl.</marc:subfield>
   </marc:datafield>
   <marc:datafield ind1="1" ind2=" " tag="520">
      <marc:subfield code="a">Angaben aus der Verlagsmeldung

Die Wächter von Avalon : Der Fluch des Suadus / von Amanda Koch

Droht Amaduria an dem Erbe des Dämons der Finsternis zu zerbrechen?
In der Nacht des achten Jahresvollmondes wurden auch Evolet und Quinlan zu Wächtern geweiht. Eine alte Schriftrolle führt sie mit ihren Geschwistern in die andere Welt. Aber dort verfinstern im Königreich Ruadhan gefährliche Schattenwesen das Land. Das Schwert des Windes in Faelandon ist in Gefahr, und Evolet sieht in einer Vision das schreckliche Schicksal des jungen Königs Easar. Ein Fluch bedroht jegliche Hoffnung auf eine Neue Zeit.
Und dann greifen die düsteren Schatten des Mondes nach Avalon.
Trotz aller Warnungen folgt die Lichtelfe Aylórien dem Ruf von Boann, der Hüterin des magischen Wasserkristalls. Die Flussnymphe flüstert geheimnisvolle Worte aus der Vergangenheit. Als Raven davon erfährt, ist er sich sicher: Die Dunkle Zeit hat Spuren hinterlassen.
Was hat es mit den Schattenwesen auf sich, und welches Geheimnis verbindet die vier Königreiche von Amaduria? Wird es den Wächtern von Avalon gelingen, die Bedrohung durch den Fluch abzuwenden und die Illusion des Zauberers aus Dembaal zu durchschauen?

</marc:subfield>
   </marc:datafield>
   <marc:datafield ind1=" " ind2=" " tag="020">
      <marc:subfield code="a">9783943987720</marc:subfield>
      <marc:subfield code="9">9783943987720</marc:subfield>
   </marc:datafield>
   <marc:datafield ind1=" " ind2=" " tag="041">
      <marc:subfield code="a">ger</marc:subfield>
   </marc:datafield>
   <marc:datafield ind1=" " ind2=" " tag="300">
      <marc:subfield code="a">443 S.</marc:subfield>
   </marc:datafield>
</marc:record>
